Catalogue des exportateurs Hongrois redige par l'Office Royal Hongrois de commerce exterieur
Na minha lista:
| Formato: | Livro |
|---|---|
| Idioma: | francês |
| Publicado em: |
Budapest
Publie par L'imprimerie de L'Universite Royale Hongroise
[1911]
|
| Tags: |
Sem tags, seja o primeiro a adicionar uma tag!
|
MARC
| LEADER | 00000nam a2200000 4500 | ||
|---|---|---|---|
| 001 | 0313321 | ||
| 005 | 20251124102520.4 | ||
| 041 | 0 | |a fre | |
| 044 | |a HU | ||
| 245 | 1 | 0 | |a Catalogue des exportateurs Hongrois |b redige par l'Office Royal Hongrois de commerce exterieur |
| 264 | 1 | |a Budapest |b Publie par L'imprimerie de L'Universite Royale Hongroise |c [1911] | |